[Event "Las Palmas Isla Bonita op 4th"]
[Site "Las Palmas"]
[Date "2019.04.16"]
[Round "5.5"]
[White "Bazan Solera, Manuel"]
[Black "Navio Lopez, Manuel Alberto"]
[Result "1/2-1/2"]
[WhiteElo "1923"]
[BlackElo "1877"]
[PlyCount "120"]
[EventDate "2019.04.13"]
[EventType "swiss"]
[EventRounds "7"]
[EventCountry "ESP"]
[SourceTitle "CBM 190 Extra"]
[Source "ChessBase"]
[SourceDate "2019.07.15"]
[SourceVersion "1"]
[SourceVersionDate "2019.07.15"]
[SourceQuality "1"]

1. Nf3 Nf6 2. g3 g6 3. Bg2 Bg7 4. 0-0 0-0 5. c4 d6 6. d4 c6 7. Nc3 Qa5 8. d5 cxd5 9. cxd5 Nbd7 10. Rb1 Qc7 11. Bd2 Nb6 12. Rc1 Qc4 13. b3 Qa6 14. e4 Bg4 15. Re1 Nbd7 16. h3 Bxf3 17. Bxf3 Rac8 18. Be2 Qa3 19. Rc2 Qb4 20. Bc4 Qb6 21. Be3 Qa5 22. Bd2 a6 23. Qc1 Ne5 24. Be2 Qb6 25. Be3 Qb4 26. f3 Nh5 27. Kg2 Nxf3 28. Bxf3 Rxc3 29. Bd2 Rxc2 30. Qxc2 Qd4 31. Bxh5 gxh5 32. Be3 Qb4 33. Bd2 Qb5 34. a4 Qd7 35. Rc1 f5 36. Qc7 Qe8 37. exf5 Qf7 38. Qc4 Qxf5 39. Rf1 Qxf1+ 40. Qxf1 Rxf1 41. Kxf1 Kf7 42. Ke2 Kg6 43. Kf3 Kf5 44. g4+ hxg4+ 45. hxg4+ Ke5 46. Bc3+ Kxd5 47. Bxg7 e5 48. Ke3 Ke6 49. Kd3 b5 50. axb5 axb5 51. Bh6 Kd5 52. Bd2 Ke6 53. Kc3 Kd5 54. Kb4 Kc6 55. Bc3 Kb6 56. Bb2 Kc6 57. g5 Kb6 58. Bc3 Kc6 59. Bb2 Kb6 60. Bc3 Kc6 1/2-1/2

[Event "Las Palmas Isla Bonita op 4th"]
[Site "Las Palmas"]
[Date "2019.04.16"]
[Round "6.7"]
[White "Hernandez Leon, Sergio"]
[Black "Bazan Solera, Manuel"]
[Result "1-0"]
[WhiteElo "2157"]
[BlackElo "1923"]
[PlyCount "93"]
[EventDate "2019.04.13"]
[EventType "swiss"]
[EventRounds "7"]
[EventCountry "ESP"]
[SourceTitle "CBM 190 Extra"]
[Source "ChessBase"]
[SourceDate "2019.07.15"]
[SourceVersion "1"]
[SourceVersionDate "2019.07.15"]
[SourceQuality "1"]

1. d4 Nf6 2. Bg5 Ne4 3. Bf4 g6 4. f3 Nf6 5. e4 Bg7 6. Nc3 d6 7. Qd2 Nc6 8. 0-0-0 Nh5 9. Be3 e5 10. Nge2 exd4 11. Nxd4 Nxd4 12. Bxd4 Bxd4 13. Qxd4 Qf6 14. Qxf6 Nxf6 15. Nb5 Kd7 16. e5 Ne8 17. g3 a6 18. Nc3 Kc6 19. f4 Be6 20. Bg2+ Kb6 21. Rd4 c5 22. Rd2 dxe5 23. fxe5 Nc7 24. Na4+ Kb5 25. b3 Rab8 26. Rd6 b6 27. c4+ Ka5 28. Nb2 Ne8 29. Rd2 Ng7 30. Bd5 Rbd8 31. Kc2 b5 32. a3 Bf5+ 33. Kc1 Rd7 34. Nd1 bxc4 35. Bxc4 Rxd2 36. Kxd2 Rd8+ 37. Kc3 Ne6 38. Ne3 Be4 39. Rf1 Rd7 40. Rf6 h5 41. Bxe6 Rd3+ 42. Kc4 fxe6 43. Rxe6 Rd4+ 44. Kxc5 Bd5 45. b4+ Ka4 46. Rxa6+ Kb3 47. Kxd4 1-0

[Event "Lanzarote op"]
[Site "Lanzarote"]
[Date "2018.06.30"]
[Round "9"]
[White "Bazan Solera, Manuel"]
[Black "Navio Lopez, Manuel Alberto"]
[Result "1/2-1/2"]
[WhiteElo "1911"]
[BlackElo "1918"]
[PlyCount "76"]
[EventDate "2018.06.25"]
[EventType "swiss"]
[EventRounds "9"]
[EventCountry "ESP"]
[SourceTitle "CBM 185 Extra"]
[Source "ChessBase"]
[SourceDate "2018.07.29"]
[SourceVersion "1"]
[SourceVersionDate "2018.07.29"]
[SourceQuality "1"]

1. Nf3 g6 2. g3 Bg7 3. Bg2 d6 4. d4 Nf6 5. c4 0-0 6. Nc3 Nbd7 7. 0-0 c6 8. e4 e5 9. h3 h6 10. Be3 Ne8 11. dxe5 dxe5 12. Bc5 Nef6 13. Bxf8 Qxf8 14. Qd2 Qb4 15. b3 Qe7 16. Rfd1 Nc5 17. Qd8+ Qxd8 18. Rxd8+ Kh7 19. Re1 Ne6 20. Rdd1 Nd7 21. b4 a5 22. b5 Ndc5 23. Bf1 Bd7 24. Na4 Be8 25. Nxc5 Nxc5 26. g4 Bd7 27. Nd2 a4 28. Nb1 Be6 29. Nc3 h5 30. f3 Bf6 31. bxc6 bxc6 32. Rd6 Rc8 33. Rb1 Be7 34. Rdd1 hxg4 35. hxg4 Kg7 36. Kg2 Bg5 37. Rd6 Be7 38. Rdd1 Bg5 1/2-1/2

[Event "Lanzarote op"]
[Site "Lanzarote"]
[Date "2018.06.28"]
[Round "7"]
[White "Bazan Solera, Manuel"]
[Black "Hernandez Leon, Alberto"]
[Result "0-1"]
[WhiteElo "1911"]
[BlackElo "2213"]
[PlyCount "112"]
[EventDate "2018.06.25"]
[EventType "swiss"]
[EventRounds "9"]
[EventCountry "ESP"]
[SourceTitle "CBM 185 Extra"]
[Source "ChessBase"]
[SourceDate "2018.07.29"]
[SourceVersion "1"]
[SourceVersionDate "2018.07.29"]
[SourceQuality "1"]

1. Nf3 g6 2. g3 Bg7 3. Bg2 c5 4. c4 Nc6 5. Nc3 Nf6 6. 0-0 0-0 7. d3 d5 8. cxd5 Nxd5 9. Nxd5 Qxd5 10. Nd2 Qd7 11. Qa4 Nd4 12. Qd1 Rb8 13. Nb3 Ne6 14. Qc2 b6 15. Bd2 a5 16. a4 Ba6 17. Rfd1 Rbc8 18. Bf1 Rfd8 19. Bh3 Rc7 20. Qb1 Qd5 21. Qa2 Bb7 22. e4 Qd6 23. Bc3 c4 24. Nxa5 bxa5 25. Bxa5 Ng5 26. Bg2 cxd3 27. Bxc7 Qxc7 28. Rac1 Qb6 29. a5 Qf6 30. Qc4 d2 31. Rc3 Rd4 32. Qe2 Nxe4 33. Bxe4 Rxe4 34. Qxd2 h5 35. Rc7 Ba6 36. Re1 Rxe1+ 37. Qxe1 Qf3 38. Rxe7 Bb7 39. Rxb7 Qxb7 40. b4 Bf8 41. Qe2 Qxb4 42. a6 Qd4 43. h3 Bc5 44. Kg2 Ba7 45. Qe8+ Kg7 46. Qe2 h4 47. g4 Qf4 48. Qb2+ Kh7 49. Qa2 Kg8 50. Qe2 Kh7 51. Qa2 Qe4+ 52. Kg1 Qf3 53. g5 Qg3+ 54. Kf1 Qxh3+ 55. Kg1 Qf3 56. Kf1 h3 0-1

[Event "Lanzarote op"]
[Site "Lanzarote"]
[Date "2018.06.26"]
[Round "4"]
[White "Bazan Solera, Manuel"]
[Black "Babar, Michael"]
[Result "1/2-1/2"]
[WhiteElo "1911"]
[BlackElo "2174"]
[PlyCount "107"]
[EventDate "2018.06.25"]
[EventType "swiss"]
[EventRounds "9"]
[EventCountry "ESP"]
[SourceTitle "CBM 185 Extra"]
[Source "ChessBase"]
[SourceDate "2018.07.29"]
[SourceVersion "1"]
[SourceVersionDate "2018.07.29"]
[SourceQuality "1"]

1. Nf3 g6 2. g3 Bg7 3. Bg2 d6 4. d4 Nf6 5. 0-0 0-0 6. c3 c6 7. Qb3 Qc7 8. Nbd2 Nbd7 9. Rd1 Re8 10. Ng5 d5 11. e4 h6 12. Nh3 dxe4 13. Nf4 g5 14. Ne2 e5 15. Nc4 exd4 16. cxd4 Nd5 17. Nc3 N7f6 18. Ne5 Bf5 19. Be3 Nxc3 20. bxc3 Nd5 21. Re1 f6 22. Nc4 Be6 23. Qc2 b5 24. Nd2 f5 25. Nf1 Qf7 26. Bd2 Rac8 27. f4 g4 28. Qb2 c5 29. Ne3 cxd4 30. Nxd5 e3 31. Bxe3 dxe3 32. Qxb5 Bxc3 33. Nxc3 Rxc3 34. Qe5 Rc2 35. Qd4 e2 36. Kf2 Qc7 37. Bd5 Bxd5 38. Qxd5+ Qf7 39. Qxf7+ Kxf7 40. a4 Re4 41. a5 Ke6 42. Rab1 Ra2 43. Rb5 Rea4 44. Rxe2+ Rxe2+ 45. Kxe2 Ra2+ 46. Kf1 Rxh2 47. Rb7 Ra2 48. Rxa7 Kd5 49. Re7 Kd4 50. Re5 Kd3 51. Kg1 Kd4 52. Kf1 Kd3 53. Kg1 Kd4 54. Kf1 1/2-1/2

[Event "Lanzarote op"]
[Site "Lanzarote"]
[Date "2018.06.26"]
[Round "3"]
[White "Bazan Solera, Manuel"]
[Black "Simon, Fernand"]
[Result "1-0"]
[WhiteElo "1911"]
[BlackElo "1396"]
[PlyCount "57"]
[EventDate "2018.06.25"]
[EventType "swiss"]
[EventRounds "9"]
[EventCountry "ESP"]
[SourceTitle "CBM 185 Extra"]
[Source "ChessBase"]
[SourceDate "2018.07.29"]
[SourceVersion "1"]
[SourceVersionDate "2018.07.29"]
[SourceQuality "1"]

1. Nf3 d5 2. d4 Nc6 3. g3 Bg4 4. Bg2 Qd7 5. Nc3 Nf6 6. Ne5 Qe6 7. Nxg4 Qxg4 8. Bf4 0-0-0 9. h4 Qd7 10. Bh3 e6 11. a3 h6 12. Qd3 Bd6 13. Bxd6 Qxd6 14. 0-0-0 Kb8 15. f4 Nd7 16. e4 Nb6 17. exd5 Nxd5 18. Ne4 Qe7 19. c3 f6 20. Nc5 e5 21. Qb5 Nb6 22. Bg2 Rd6 23. dxe5 fxe5 24. Rxd6 cxd6 25. Nxb7 Qxb7 26. Bxc6 Qc7 27. Be4 exf4 28. a4 Re8 29. Qxe8+ 1-0

[Event "Guimaraes op"]
[Site "Guimaraes"]
[Date "2017.09.06"]
[Round "7"]
[White "Andrade, Carlos Jorge da Sil"]
[Black "Bazan Solera, Manuel"]
[Result "1-0"]
[WhiteElo "1958"]
[BlackElo "1885"]
[PlyCount "81"]
[EventDate "2017.09.02"]
[EventType "swiss"]
[EventRounds "7"]
[EventCountry "POR"]
[SourceTitle "CBM 180 Extra"]
[Source "ChessBase"]
[SourceDate "2017.10.06"]
[SourceVersion "1"]
[SourceVersionDate "2017.10.06"]
[SourceQuality "1"]

1. d4 Nf6 2. c4 g6 3. Nc3 Bg7 4. e4 d6 5. Nf3 0-0 6. Be2 e5 7. 0-0 Nc6 8. d5 Ne7 9. b4 a5 10. Ba3 Nh5 11. g3 f5 12. bxa5 Rxa5 13. Bb4 Ra8 14. c5 fxe4 15. Nxe4 Bf5 16. Nfg5 Bxe4 17. Nxe4 Nc8 18. cxd6 Nxd6 19. Bxd6 cxd6 20. Bxh5 gxh5 21. Qxh5 Qd7 22. Qe2 Ra3 23. Rab1 Ra5 24. Rfd1 Rfa8 25. Rb2 Kh8 26. Rdb1 R8a7 27. Qc4 Bf8 28. Rb5 Ra4 29. R5b4 b5 30. Qd3 Qf5 31. Qxb5 Rxa2 32. Qc4 Ra1 33. Kg2 Rxb1 34. Rxb1 Ra3 35. Re1 Qf3+ 36. Kg1 Rd3 37. Ng5 Qxd5 38. Qc8 Qg8 39. Qf5 Rc3 40. Re4 Be7 41. Nf7+ 1-0

[Event "Arrecife de Lanzarote op"]
[Site "Arrecife de Lanzarote"]
[Date "2017.06.14"]
[Round "7"]
[White "Bazan Solera, Manuel"]
[Black "Guerra Arrocha, Daniel"]
[Result "0-1"]
[WhiteElo "1884"]
[BlackElo "2139"]
[PlyCount "56"]
[EventDate "2017.06.11"]
[EventType "swiss"]
[EventRounds "9"]
[EventCountry "ESP"]
[SourceTitle "EXT 2019"]
[Source "ChessBase"]
[SourceDate "2018.10.10"]
[SourceVersion "1"]
[SourceVersionDate "2018.10.10"]
[SourceQuality "1"]

1. d4 Nf6 2. c4 g6 3. Nc3 Bg7 4. e4 d6 5. Nf3 0-0 6. Be2 Na6 7. 0-0 e5 8. d5 Nc5 9. Nd2 a5 10. f3 Bh6 11. Nb3 Bxc1 12. Qxc1 b6 13. Qe3 Nh5 14. g3 f5 15. f4 exf4 16. gxf4 Nxe4 17. Nxe4 fxe4 18. Bxh5 gxh5 19. Qxe4 Bf5 20. Qd4 Qh4 21. Rf3 Rae8 22. Rg3+ Bg6 23. f5 Re4 24. Qf2 Rf4 25. Qg2 R8xf5 26. Re1 Qf6 27. h3 Rf2 28. Qe4 Re5 0-1

[Event "Arrecife de Lanzarote op"]
[Site "Arrecife de Lanzarote"]
[Date "2017.06.13"]
[Round "4"]
[White "Castaner Harster, Xavier"]
[Black "Bazan Solera, Manuel"]
[Result "1-0"]
[WhiteElo "2174"]
[BlackElo "1884"]
[PlyCount "101"]
[EventDate "2017.06.11"]
[EventType "swiss"]
[EventRounds "9"]
[EventCountry "ESP"]
[SourceTitle "EXT 2018"]
[Source "ChessBase"]
[SourceDate "2017.10.13"]
[SourceVersion "1"]
[SourceVersionDate "2017.10.13"]
[SourceQuality "1"]

1. e4 d6 2. d4 g6 3. f4 Bg7 4. Nf3 a6 5. Bd3 b5 6. 0-0 Bb7 7. Kh1 Nf6 8. e5 Nd5 9. e6 fxe6 10. Ng5 Bc8 11. Nxh7 c6 12. Ng5 Qb6 13. Bxg6+ Kd7 14. Nxe6 Bf6 15. Nc3 Nc7 16. Nc5+ Kd8 17. Nb3 Be6 18. Be3 Nd5 19. Bg1 Nxc3 20. bxc3 Bd5 21. Re1 Nd7 22. Be4 Kc7 23. Bxd5 cxd5 24. Qf3 Qc6 25. a4 Nb6 26. axb5 axb5 27. Rxa8 Rxa8 28. g4 Bh4 29. Bf2 Bxf2 30. Qxf2 Qxc3 31. Rxe7+ Kc6 32. Re3 Qb2 33. f5 Ra2 34. Re2 Qb1+ 35. Kg2 Nd7 36. g5 Qd1 37. Qe1 Qxe1 38. Rxe1 Rxc2+ 39. Kg1 Rb2 40. Re3 b4 41. h4 Kb5 42. h5 Kc4 43. h6 Ra2 44. h7 Ra8 45. Re7 Kxb3 46. Rxd7 Kc3 47. Rb7 b3 48. g6 b2 49. g7 Ra7 50. g8Q Rxb7 51. Qc8+ 1-0

[Event "Coimbra Queima das Fitas op"]
[Site "Coimbra"]
[Date "2017.04.29"]
[Round "3"]
[White "Rocha, Sergio MC"]
[Black "Bazan Solera, Manuel"]
[Result "1-0"]
[WhiteElo "2383"]
[BlackElo "1903"]
[PlyCount "117"]
[EventDate "2017.04.28"]
[EventType "swiss"]
[EventRounds "7"]
[EventCountry "POR"]
[SourceTitle "CBM 178 Extra"]
[Source "ChessBase"]
[SourceDate "2017.06.22"]
[SourceVersion "1"]
[SourceVersionDate "2017.06.22"]
[SourceQuality "1"]

1. Nf3 Nf6 2. c4 g6 3. Nc3 Bg7 4. d4 0-0 5. Bg5 c5 6. d5 d6 7. h3 h6 8. Bf4 g5 9. Bh2 Bf5 10. Nd2 Qa5 11. f3 Nfd7 12. e4 Bg6 13. Qc2 Na6 14. Nb3 Nb4 15. Qd2 Qd8 16. Be2 f5 17. a3 Na6 18. exf5 Bxf5 19. 0-0 Nc7 20. Rae1 Ne5 21. f4 gxf4 22. Bxf4 Qe8 23. Bxh6 Qg6 24. Bxg7 Bxh3 25. Rxf8+ Rxf8 26. Bg4 Qxg7 27. Rxe5 Qxe5 28. Bxh3 Rf4 29. Qd3 Qe1+ 30. Kh2 Qe5 31. Qg3+ Kf8 32. Nd2 Rd4 33. Qxe5 dxe5 34. Nce4 Ne8 35. Kg3 Nd6 36. Kf3 Nxe4 37. Nxe4 Rxc4 38. Nc3 Kg7 39. Ke3 Kh6 40. Bc8 b6 41. Ba6 Rg4 42. Bf1 Rf4 43. Be2 Rd4 44. Nb5 Rxd5 45. Nxa7 Kg5 46. Nc8 c4 47. Nxb6 Rb5 48. Nxc4 Rb3+ 49. Ke4 Kf6 50. Bd1 Rb5 51. b4 e6 52. Ne3 Kg5 53. Be2 Rb8 54. Kxe5 Ra8 55. Nc4 Kh4 56. b5 Kg3 57. b6 Kxg2 58. b7 Rb8 59. Nd6 1-0

[Event "Coimbra Queima das Fitas op"]
[Site "Coimbra"]
[Date "2017.04.28"]
[Round "1"]
[White "Borges, Afonso Maria de Alm"]
[Black "Bazan Solera, Manuel"]
[Result "0-1"]
[WhiteElo "1160"]
[BlackElo "1903"]
[PlyCount "34"]
[EventDate "2017.04.28"]
[EventType "swiss"]
[EventRounds "7"]
[EventCountry "POR"]
[SourceTitle "CBM 178 Extra"]
[Source "ChessBase"]
[SourceDate "2017.06.22"]
[SourceVersion "1"]
[SourceVersionDate "2017.06.22"]
[SourceQuality "1"]

1. d4 Nf6 2. c4 g6 3. Nc3 Bg7 4. Nf3 0-0 5. Bg5 c5 6. e3 Nc6 7. Bd3 cxd4 8. exd4 Qb6 9. d5 Ng4 10. 0-0 Nce5 11. Nxe5 Nxe5 12. Bxe7 Re8 13. Ba3 d6 14. Nb5 Bf8 15. b3 a6 16. Nc3 Qd4 17. Re1 Bg4 0-1

[Event "EU-Cup 31st"]
[Site "Skopje"]
[Date "2015.10.19"]
[Round "2.6"]
[White "Dambiermont, Marc"]
[Black "Bazan Solera, Manuel"]
[Result "1/2-1/2"]
[WhiteElo "1892"]
[BlackElo "1934"]
[PlyCount "81"]
[EventDate "2015.10.18"]
[EventType "team-swiss"]
[EventRounds "7"]
[EventCountry "MKD"]
[SourceTitle "CBM 169"]
[Source "ChessBase"]
[SourceDate "2015.11.10"]
[SourceVersion "1"]
[SourceVersionDate "2015.11.10"]
[SourceQuality "1"]
[WhiteTeam "Amaytos"]
[BlackTeam "Dias Ferreira"]
[WhiteTeamCountry "BEL"]
[BlackTeamCountry "POR"]

1. d4 g6 2. Nf3 Bg7 3. Bf4 d6 4. c3 Nf6 5. Nbd2 Nh5 6. Bg3 Nxg3 7. hxg3 c6 8. e4 Qb6 9. Nc4 Qc7 10. Be2 Nd7 11. Qc2 b5 12. Ne3 Nb6 13. Rc1 Bd7 14. c4 bxc4 15. Bxc4 Nxc4 16. Qxc4 Rb8 17. b4 Qb6 18. a3 h6 19. 0-0 0-0 20. Rfd1 Rfc8 21. Qa2 a5 22. Rb1 Ra8 23. Qd2 axb4 24. Qxb4 Qxb4 25. axb4 Rcb8 26. e5 Ra4 27. exd6 exd6 28. d5 Raxb4 29. Rxb4 Rxb4 30. dxc6 Bxc6 31. Rxd6 Ba4 32. Ra6 Bc3 33. Ra8+ Kg7 34. Rc8 Bb2 35. Rc4 Rxc4 36. Nxc4 Bc3 37. Ne3 g5 38. g4 Bc6 39. Kf1 Bb5+ 40. Kg1 Bc6 41. Kf1 1/2-1/2

[Event "ESP-ch 79th"]
[Site "Linares"]
[Date "2014.08.25"]
[Round "1"]
[White "Bazan Solera, Manuel"]
[Black "Suarez Garcia, Carlos"]
[Result "0-1"]
[WhiteElo "2003"]
[BlackElo "2400"]
[PlyCount "74"]
[EventDate "2014.08.25"]
[EventType "swiss"]
[EventRounds "9"]
[EventCountry "ESP"]
[SourceTitle "CBM 162 Extra"]
[Source "ChessBase"]
[SourceDate "2014.10.17"]
[SourceVersion "1"]
[SourceVersionDate "2014.10.17"]
[SourceQuality "1"]

1. d4 d5 2. c4 e6 3. Nc3 c6 4. e3 Nd7 5. cxd5 exd5 6. Bd3 Bd6 7. Nf3 Ngf6 8. 0-0 0-0 9. a4 a5 10. b3 Qe7 11. Bb2 Re8 12. Qc1 Ne4 13. Ne2 Qe6 14. Ng3 Ndf6 15. Ne5 Nxg3 16. hxg3 Bxe5 17. dxe5 Ng4 18. f3 Nxe5 19. Qc3 f6 20. Bc2 Nf7 21. Kf2 Qe5 22. Qd2 Qg5 23. Rh1 Bf5 24. f4 Qg6 25. Bd1 Nd6 26. Bf3 Bg4 27. Rh4 Bxf3 28. gxf3 Nf5 29. Rg4 Qh6 30. Bd4 Qh2+ 31. Ke1 Qg1+ 32. Ke2 Qg2+ 33. Kd3 Qxf3 34. Rh4 Nxd4 35. Kxd4 c5+ 36. Kd3 d4 37. Re1 Rxe3+ 0-1

[Event "ESP-ch 78th"]
[Site "Linares"]
[Date "2013.09.05"]
[Round "8"]
[White "Bazan Solera, Manuel"]
[Black "Lorente Penalva, Diego"]
[Result "0-1"]
[WhiteElo "2007"]
[BlackElo "2178"]
[PlyCount "104"]
[EventDate "2013.08.29"]
[EventType "swiss"]
[EventRounds "9"]
[EventCountry "ESP"]
[SourceTitle "CBM 156 Extra"]
[Source "ChessBase"]
[SourceDate "2013.10.22"]
[SourceVersion "1"]
[SourceVersionDate "2013.10.22"]
[SourceQuality "1"]

1. d4 d6 2. Nf3 Bg4 3. Qd3 Nd7 4. Bf4 Ngf6 5. h3 Bxf3 6. Qxf3 e5 7. dxe5 dxe5 8. Bg3 e4 9. Qc3 Bd6 10. Bxd6 cxd6 11. e3 Rc8 12. Qd2 Qb6 13. b3 0-0 14. Be2 Rfd8 15. 0-0 d5 16. a4 Ne5 17. a5 Qc5 18. c3 a6 19. Rd1 Qc7 20. Ra4 h6 21. Qa2 Rd6 22. Qa1 Nh7 23. Rad4 Rg6 24. Rxd5 Nf3+ 25. Bxf3 exf3 26. g4 Ng5 27. Rxg5 Rxg5 28. c4 h5 29. Rd4 hxg4 30. hxg4 Re8 31. Qc3 Qc8 32. Nd2 Rxg4+ 33. Rxg4 Qxg4+ 34. Kf1 Rd8 35. Ke1 Qg1+ 36. Nf1 Qg6 37. Nd2 Qd3 38. Qxd3 Rxd3 39. Kd1 Rc3 40. c5 Rxc5 41. Nxf3 Rxa5 42. Nd2 Kf8 43. Ke2 Ra2 44. Kd3 Ke7 45. f4 Rxd2+ 46. Kxd2 f5 47. e4 fxe4 48. Ke3 Ke6 49. Kxe4 g6 50. b4 b6 51. Kd4 Kf5 52. Ke3 a5 0-1

[Event "ESP-ch 78th"]
[Site "Linares"]
[Date "2013.08.31"]
[Round "3"]
[White "Aranaz Murillo, Amalia"]
[Black "Bazan Solera, Manuel"]
[Result "1-0"]
[WhiteElo "2246"]
[BlackElo "2007"]
[PlyCount "33"]
[EventDate "2013.08.29"]
[EventType "swiss"]
[EventRounds "9"]
[EventCountry "ESP"]
[SourceTitle "CBM 156 Extra"]
[Source "ChessBase"]
[SourceDate "2013.10.22"]
[SourceVersion "1"]
[SourceVersionDate "2013.10.22"]
[SourceQuality "1"]

1. Nf3 Nf6 2. c4 g6 3. g3 Bg7 4. Bg2 d6 5. d4 0-0 6. 0-0 Nc6 7. Nc3 a6 8. d5 Na5 9. b3 c5 10. dxc6 bxc6 11. Bb2 Rb8 12. Qc1 c5 13. Rd1 Qc7 14. Nd5 Nxd5 15. Bxg7 Kxg7 16. cxd5 Qa7 17. Qc3+ 1-0

[Event "ESP-ch 78th"]
[Site "Linares"]
[Date "2013.08.29"]
[Round "1"]
[White "Recuero Guerra, David"]
[Black "Bazan Solera, Manuel"]
[Result "1-0"]
[WhiteElo "2454"]
[BlackElo "2007"]
[PlyCount "127"]
[EventDate "2013.08.29"]
[EventType "swiss"]
[EventRounds "9"]
[EventCountry "ESP"]
[SourceTitle "CBM 156 Extra"]
[Source "ChessBase"]
[SourceDate "2013.10.22"]
[SourceVersion "1"]
[SourceVersionDate "2013.10.22"]
[SourceQuality "1"]

1. Nf3 Nf6 2. c4 g6 3. g3 Bg7 4. Bg2 0-0 5. 0-0 d6 6. Nc3 Nc6 7. d3 e5 8. Rb1 a5 9. a3 Re8 10. Bg5 h6 11. Bxf6 Bxf6 12. b4 axb4 13. axb4 Bg7 14. b5 Ne7 15. Qc2 c6 16. Nd2 Be6 17. Rfc1 d5 18. Qd1 f5 19. bxc6 bxc6 20. cxd5 cxd5 21. Nb3 Rc8 22. d4 Rc4 23. e3 f4 24. Nc5 Bf7 25. exf4 Rxd4 26. Qe1 e4 27. Nb5 Rc4 28. Rxc4 dxc4 29. Nb7 Qd7 30. N7d6 Rb8 31. Bxe4 Nf5 32. Rd1 Nxd6 33. Nxd6 Rd8 34. Bc2 Qe6 35. Ne4 Re8 36. h4 Qc6 37. Qe3 Kh8 38. Kh2 Bd5 39. Re1 Qb5 40. Qd2 Qb2 41. Qxd5 Qxc2 42. Qc6 Rxe4 43. Qxe4 Qxf2+ 44. Kh3 h5 45. Qe3 Qc2 46. Qe8+ Kh7 47. Qe4 Qd2 48. Re2 Qd7+ 49. Kh2 c3 50. Kg2 Qd6 51. f5 Qf6 52. Rf2 Kh6 53. Qe3+ Kh7 54. Qe4 Kh6 55. Rf3 Kh7 56. fxg6+ Qxg6 57. Rf5 Bf6 58. Rxh5+ Kg7 59. Qxg6+ Kxg6 60. Rc5 Bd4 61. Rc4 Be5 62. Kf3 Bh8 63. g4 Bg7 64. Rc6+ 1-0

[Event "Oviedo op 3rd"]
[Site "Oviedo"]
[Date "2008.07.28"]
[Round "6"]
[White "Del Rio de Angelis, Salvador Gabriel"]
[Black "Bazan Solera, Manuel"]
[Result "1-0"]
[WhiteElo "2526"]
[BlackElo "2076"]
[PlyCount "73"]
[EventDate "2008.07.23"]
[EventType "swiss"]
[EventRounds "9"]
[EventCountry "ESP"]
[SourceTitle "CBM 125 Extra"]
[Source "ChessBase"]
[SourceDate "2008.09.01"]
[SourceVersion "1"]
[SourceVersionDate "2008.09.01"]
[SourceQuality "1"]

1. d4 Nf6 2. c4 g6 3. Nc3 Bg7 4. e4 d6 5. Nf3 0-0 6. Be2 e5 7. 0-0 Nc6 8. d5 Ne7 9. Ne1 Ne8 10. f3 f5 11. g4 Kh8 12. h4 fxg4 13. fxg4 Rxf1+ 14. Kxf1 c5 15. Ng2 h6 16. Be3 Bd7 17. g5 Ng8 18. Kg1 Bf8 19. Qd2 Kh7 20. Rf1 Qe7 21. a3 Nc7 22. b4 b6 23. bxc5 bxc5 24. Rb1 Bc8 25. Qd1 Qd7 26. Qf1 Bg7 27. Qf3 Ba6 28. h5 Qe8 29. hxg6+ Qxg6 30. Nh4 Rf8 31. Qxf8 Bxf8 32. Nxg6 Kxg6 33. Rb8 Kf7 34. Bh5+ Ke7 35. gxh6 Bxh6 36. Bxh6 Nxh6 37. Rh8 1-0

[Event "Oviedo op 3rd"]
[Site "Oviedo"]
[Date "2008.07.27"]
[Round "5"]
[White "Bazan Solera, Manuel"]
[Black "Menendez Rodriguez, Higinio"]
[Result "1-0"]
[WhiteElo "2076"]
[BlackElo "1831"]
[PlyCount "53"]
[EventDate "2008.07.23"]
[EventType "swiss"]
[EventRounds "9"]
[EventCountry "ESP"]
[SourceTitle "CBM 125 Extra"]
[Source "ChessBase"]
[SourceDate "2008.09.01"]
[SourceVersion "1"]
[SourceVersionDate "2008.09.01"]
[SourceQuality "1"]

1. d4 d5 2. c4 e6 3. Nc3 Nf6 4. cxd5 exd5 5. Bg5 Be7 6. e3 0-0 7. Bd3 c6 8. Nge2 Nbd7 9. 0-0 Re8 10. Qc2 Nf8 11. Rad1 Bg4 12. f3 Be6 13. e4 dxe4 14. fxe4 h6 15. Bxf6 Bxf6 16. e5 Be7 17. Kh1 Qb6 18. Nf4 Rad8 19. Nxe6 Nxe6 20. Bh7+ Kh8 21. Rxf7 Bf8 22. Be4 Ng5 23. Qf2 Kg8 24. Qf5 Nxe4 25. Nxe4 Qxb2 26. Qg6 Rxd4 27. Nf6+ 1-0

[Event "Oviedo op"]
[Site "Oviedo"]
[Date "2007.07.29"]
[Round "9"]
[White "Bazan Solera, Manuel"]
[Black "Busto Campa, Jorge"]
[Result "1-0"]
[WhiteElo "2085"]
[BlackElo "1899"]
[PlyCount "61"]
[EventDate "2007.07.21"]
[EventType "swiss"]
[EventRounds "9"]
[EventCountry "ESP"]
[SourceTitle "EXT 2008"]
[Source "ChessBase"]
[SourceDate "2007.11.25"]
[SourceVersion "1"]
[SourceVersionDate "2007.11.25"]
[SourceQuality "1"]

1. d4 Nf6 2. c4 e6 3. Nc3 b6 4. e4 Bb7 5. Bd3 Bb4 6. f3 c5 7. a3 cxd4 8. axb4 dxc3 9. bxc3 Nc6 10. Bf4 0-0 11. Bd6 Re8 12. Ne2 e5 13. 0-0 Re6 14. c5 Ne8 15. Bc4 Rh6 16. Qd5 Nxd6 17. cxd6 Qf6 18. f4 Nd8 19. Qxe5 Qxe5 20. fxe5 Bxe4 21. Rf4 Bb7 22. Raf1 Re6 23. Bxe6 dxe6 24. b5 Rc8 25. c4 Rc5 26. d7 Rxe5 27. Rxf7 h6 28. Rf8+ Kh7 29. Nf4 g5 30. Rxd8 gxf4 31. Rb8 1-0

[Event "Oviedo op"]
[Site "Oviedo"]
[Date "2007.07.27"]
[Round "7"]
[White "Bazan Solera, Manuel"]
[Black "Santos Latasa, Jaime"]
[Result "1/2-1/2"]
[WhiteElo "2085"]
[BlackElo "1913"]
[PlyCount "51"]
[EventDate "2007.07.21"]
[EventType "swiss"]
[EventRounds "9"]
[EventCountry "ESP"]
[SourceTitle "EXT 2008"]
[Source "ChessBase"]
[SourceDate "2007.11.25"]
[SourceVersion "1"]
[SourceVersionDate "2007.11.25"]
[SourceQuality "1"]

1. d4 d5 2. c4 c6 3. e3 e6 4. Nc3 f5 5. g3 Nf6 6. cxd5 exd5 7. Bg2 Bd6 8. Nh3 0-0 9. 0-0 Ne4 10. f3 Nxc3 11. bxc3 Nd7 12. Nf2 Nf6 13. e4 fxe4 14. fxe4 dxe4 15. Nxe4 Nxe4 16. Rxf8+ Qxf8 17. Qb3+ Kh8 18. Bxe4 Bh3 19. Bd2 Re8 20. Qc2 Qf6 21. Qd3 Rf8 22. Qe2 Bg4 23. Qxg4 Qf2+ 24. Kh1 Qxd2 25. Qh5 Qh6 26. Qxh6 1/2-1/2

[Event "Oviedo op"]
[Site "Oviedo"]
[Date "2007.07.26"]
[Round "6"]
[White "Menendez Rey, Francisco Javier"]
[Black "Bazan Solera, Manuel"]
[Result "1-0"]
[WhiteElo "2251"]
[BlackElo "2085"]
[PlyCount "51"]
[EventDate "2007.07.21"]
[EventType "swiss"]
[EventRounds "9"]
[EventCountry "ESP"]
[SourceTitle "EXT 2008"]
[Source "ChessBase"]
[SourceDate "2007.11.25"]
[SourceVersion "1"]
[SourceVersionDate "2007.11.25"]
[SourceQuality "1"]

1. e4 d6 2. d4 Nf6 3. Nc3 g6 4. h3 Bg7 5. Be3 c6 6. a4 Qa5 7. Qd2 b5 8. b4 Qxb4 9. axb5 c5 10. Ra4 Nxe4 11. Rxb4 Nxd2 12. Kxd2 cxb4 13. Nd5 Kd8 14. Nxb4 a5 15. Na2 d5 16. c4 dxc4 17. Bxc4 e6 18. d5 Bb7 19. dxe6 fxe6 20. Nf3 Bd5 21. Bxd5 exd5 22. Nc3 Kc8 23. Nxd5 Rd8 24. Rc1+ Kd7 25. Ke2 Ke6 26. Nc7+ 1-0